Ballet kitty / (Record no. 337402)
[ view plain ]
| 000 -LEADER | |
|---|---|
| fixed length control field | 00403nam a2200169Ia 4500 |
| 008 - FIXED-LENGTH DATA ELEMENTS--GENERAL INFORMATION | |
| fixed length control field | 170705s9999 xx 000 0 und d |
| 020 ## - INTERNATIONAL STANDARD BOOK NUMBER | |
| International Standard Book Number | 9780545117593 |
| 245 ## - TITLE STATEMENT | |
| Title | Ballet kitty / |
| 245 ## - TITLE STATEMENT | |
| Statement of responsibility, etc | by Bernette Ford and Sam Williams. |
| 260 ## - PUBLICATION, DISTRIBUTION, ETC. (IMPRINT) | |
| Place of publication, distribution, etc | New York : |
| 260 ## - PUBLICATION, DISTRIBUTION, ETC. (IMPRINT) | |
| Name of publisher, distributor, etc | Scholastic, |
| 260 ## - PUBLICATION, DISTRIBUTION, ETC. (IMPRINT) | |
| Date of publication, distribution, etc | 2007 |
| 300 ## - PHYSICAL DESCRIPTION | |
| Extent | unpaged : |
| 300 ## - PHYSICAL DESCRIPTION | |
| Other physical details | color illustration ; |
| 300 ## - PHYSICAL DESCRIPTION | |
| Dimensions | 25cm. |
| 500 ## - GENERAL NOTE | |
| General note | 480 |
No items available.